The invention of chic : (Record no. 352859)

000 -LEADER
fixed length control field 01054 a2200277 4500
003 - CONTROL NUMBER IDENTIFIER
control field OSt
005 - DATE AND TIME OF LATEST TRANSACTION
control field 20180116192349.0
008 - FIXED-LENGTH DATA ELEMENTS--GENERAL INFORMATION
fixed length control field 120531t xxu||||| |||| 00| 0 eng d
010 ## - LIBRARY OF CONGRESS CONTROL NUMBER
LC control number 2002102348
020 ## - INTERNATIONAL STANDARD BOOK NUMBER
International Standard Book Number 0500510962
020 ## - INTERNATIONAL STANDARD BOOK NUMBER
International Standard Book Number 9780500510964
035 ## - SYSTEM CONTROL NUMBER
System control number (DLC) 2002102348
040 ## - CATALOGING SOURCE
Transcribing agency 0
082 00 - DEWEY DECIMAL CLASSIFICATION NUMBER
Classification number 709.4436
100 1# - MAIN ENTRY--PERSONAL NAME
Personal name Kolosek, Lisa Schlansker.
9 (RLIN) 3098
245 14 - TITLE STATEMENT
Title The invention of chic :
Remainder of title Thérèse Bonney and Paris Moderne /
Statement of responsibility, etc. Lisa Schlansker Kolosek.
260 ## - PUBLICATION, DISTRIBUTION, ETC.
Place of publication, distribution, etc. New York :
Name of publisher, distributor, etc. Thames & Hudson in association with Cooper-Hewitt, National Design Museum, Smithsonian Institution
Date of publication, distribution, etc. 2002.
300 ## - PHYSICAL DESCRIPTION
Extent 192 p. :
Other physical details ill. ;
Dimensions 27 cm.
600 10 - SUBJECT ADDED ENTRY--PERSONAL NAME
Personal name Bonney, Thérèse,
Dates associated with a name 1894-1978.
9 (RLIN) 3099
650 10 - SUBJECT ADDED ENTRY--TOPICAL TERM
Topical term or geographic name entry element Architectural photography
Geographic subdivision France
-- Paris.
9 (RLIN) 3100
650 10 - SUBJECT ADDED ENTRY--TOPICAL TERM
Topical term or geographic name entry element Interior decoration
Geographic subdivision France
-- Paris.
9 (RLIN) 3101
700 1# - ADDED ENTRY--PERSONAL NAME
Personal name Bonney, Thérèse,
Dates associated with a name 1894-1978.
9 (RLIN) 3102
710 2# - ADDED ENTRY--CORPORATE NAME
Corporate name or jurisdiction name as entry element Cooper-Hewitt Museum.
9 (RLIN) 3103
942 ## - ADDED ENTRY ELEMENTS (KOHA)
Institution code [OBSOLETE] SADA
Koha item type Book
Call number prefix 709.4436 KOL 2002
Source of classification or shelving scheme
Holdings
Withdrawn status Lost status Source of classification or shelving scheme Damaged status Not for loan Permanent Location Current Location Date acquired Total Checkouts Full call number Barcode Date last seen Cost, replacement price Price effective from Koha item type
          School of Art Design and Architecture (SADA) School of Art Design and Architecture (SADA) 04/14/2011   709.4436 KOL 2002 SADA0000905 08/05/2011 2881.00 08/05/2011 Book
© 2023 Central Library, National University of Sciences and Technology. All Rights Reserved.